000 00664nam a2200205 4500
001 110013
003 ES-MaACL
005 20230906184948.0
007 t|
008 061121s1952 sp r ||||1| spa d
100 1 _aOppenheim, E. Phillips (
_d1866-1946)
_987130
245 1 3 _aUn claro en la niebla=(the light beyond) /
_cEdward Phillips Oppenheim ; traducción de Eduardo S. Bonnet.
260 _aBarcelona :
_bCervantes,
_c1952.
300 _a239 p. ;
_c17 cm.
490 1 _aObras completas ;
_vLIX
700 1 _aBonnet, Eduardo S.
_930260
830 0 _aObras completas ;
_vLIX
_9176447
852 _aES-MaACL
_jD-8332
_bR.32362
999 _c110013
_d110013